Darts Order Of Merit 2026 - Statistics

General Stats
  • This quiz has been taken 1,531 times
    646 since last reset
  • The average score is 43 of 100
Answer Stats
No. Nationality Answer Money % Correct
1 England Luke Littler 2770.5
99%
4 Netherlands Michael van Gerwen 691.25
98%
3 Netherlands Gian van Veen 912.5
97%
2 England Luke Humphries 1172
97%
6 Scotland Gary Anderson 609.5
96%
12 Wales Gerwyn Price 521
95%
5 Wales Jonny Clayton 625
93%
9 Northern Ireland Josh Rock 555.5
93%
7 England Stephen Bunting 593.75
90%
17 Australia Damon Heta 439
85%
10 Netherlands Danny Noppert 550.75
85%
15 Germany Martin Schindler 458.25
82%
32 England Michael Smith 303.5
81%
31 Scotland Peter Wright 311.5
81%
16 England Ross Smith 447.75
81%
23 Northern Ireland Daryl Gurney 346.5
76%
14 England Nathan Aspinall 460
76%
8 England Ryan Searle 568
74%
11 England James Wade 544.25
73%
19 Belgium Mike De Decker 413.5
73%
25 Belgium Dimitri Van den Bergh 335.25
72%
28 Poland Krzysztof Ratajski 322.5
72%
13 England Chris Dobey 505.25
66%
20 England Rob Cross 389
65%
47 Germany Gabriel Clemens 154.25
62%
43 Rep. Of Ireland William O'Connor 182.25
60%
26 Scotland Cameron Menzies 325.25
59%
45 Latvia Madars Razma 162.5
59%
36 Netherlands Raymond van Barneveld 246
59%
18 Netherlands Jermaine Wattimena 423
58%
55 Austria Mensur Suljovic 127.75
58%
34 Germany Ricardo Pietreczko 293
58%
22 England Dave Chisnall 362.5
52%
30 Netherlands Dirk van Duijvenbode 319.75
52%
41 Northern Ireland Brendan Dolan 183.25
48%
50 England Justin Hood 139.75
48%
51 Sweden Jeffrey de Graaf 139.5
47%
35 England Joe Cullen 275
46%
29 Netherlands Wessel Nijman 320.75
46%
21 England Luke Woodhouse 383
45%
73 Sweden Andreas Harrysson 77.75
43%
60 Belgium Kim Huybrechts 108
42%
61 France Thibaut Tricole 106.25
42%
88 Lithuania Darius Labanauskas 46.75
40%
82 Portugal Jose de Sousa 59
40%
33 England Andrew Gilding 300
39%
83 Germany Max Hopp 58.25
39%
58 Rep. Of Ireland Keane Barry 116.25
38%
54 Germany Niko Springer 129.75
38%
81 England Charlie Manby 62.5
37%
94 Norway Cor Dekker 41.25
37%
24 England Ryan Joyce 345
37%
40 England Ricky Evans 188
36%
27 England Ritchie Edhouse 324
35%
100 Germany Arno Merk 37.5
34%
87 Wales Jim Williams 52
34%
67 Czechia Karel Sedlacek 83
34%
38 Netherlands Kevin Doets 219
34%
44 England Scott Williams 173.75
34%
66 Canada Matt Campbell 85.25
33%
46 Northern Ireland Mickey Mansell 159.25
33%
53 Scotland Alan Soutar 131.5
32%
80 Poland Sebastian Bialecki 63.75
32%
39 England Callan Rydz 189
31%
91 Switzerland Stefan Bellmont 43.75
30%
62 Germany Lukas Wenig 101.25
28%
42 Netherlands Niels Zonneveld 182.75
28%
52 England Ian White 134.5
26%
37 England Martin Lukeman 226.5
25%
75 Netherlands Wesley Plaisier 68.5
25%
68 England Dom Taylor 82.5
24%
63 Wales Rob Owen 95.5
24%
71 Germany Florian Hempel 78.75
22%
64 Belgium Mario Vandenbogaerde 94.75
22%
89 New Zealand Haupai Puha 44.5
21%
48 England James Hurrell 147
21%
57 Netherlands Richard Veenstra 117.25
21%
49 England Connor Scutt 144.75
19%
59 Wales Nick Kenny 114.5
19%
56 England Ryan Meikle 125.5
18%
76 Rep. Of Ireland Steve Lennon 68.25
18%
90 Germany Dominik Gruellich 44.25
17%
71 England Bradley Brooks 78.75
16%
99 Poland Radek Szaganski 38.25
14%
70 Scotland Darren Beveridge 79.75
13%
78 Belgium Andy Baetens 67
12%
86 England Adam Hunt 56
11%
74 England Cam Crabtree 73
11%
69 Netherlands Chris Landman 82.25
10%
79 Rep. Of Ireland Dylan Slevin 66.75
10%
84 England Owen Bates 57.25
10%
65 England Stephen Burton 93.75
9%
85 England Adam Lipscombe 56.75
8%
92 Wales Rhys Griffin 43.5
8%
97 Northern Ireland Nathan Rafferty 38.75
7%
93 Netherlands Berry van Peer 41.75
6%
97 Netherlands Jitse Van der Wal 38.75
5%
77 England Matthew Dennant 67.25
5%
95 Netherlands Patrick Geeraets 40.25
3%
96 England Robert Grundy 39.25
3%
No matching quizzes found
Score Distribution
Percent of People with Each Score
Percentile by Number Answered
Your Score History
You have not taken this quiz since the last reset